日本の市外局番(上3桁)地図クイズ - Statistics

General Stats
  • This quiz has been taken 201 times
  • The average score is 22 of 59
Answers on the Map
Answers color-coded by a green-red scale on the quiz's map according to % correct below.
 
Answer Stats
Answer % Correct
011
65%
03
59%
017
54%
012
52%
022
52%
06
51%
018
48%
028
48%
015
46%
016
46%
024
46%
014
44%
027
44%
042
44%
023
43%
029
43%
045
43%
099
43%
013
41%
072
41%
025
40%
092
40%
026
39%
098
39%
046
38%
097
38%
019
37%
052
37%
047
36%
054
36%
044
35%
048
35%
049
35%
043
33%
096
33%
053
32%
095
32%
059
30%
082
30%
087
30%
088
30%
073
29%
093
29%
055
28%
089
28%
094
28%
075
27%
083
27%
056
26%
058
26%
077
26%
078
26%
057
24%
076
24%
084
24%
085
24%
086
24%
074
23%
079
23%
No matching quizzes found
Score Distribution
Percent of People with Each Score
Percentile by Number Answered
Your Score History
You have not taken this quiz